Statistics for The 27 Club

Click here to take the quiz!

General Stats

  • This quiz has been taken 32 times
    (17 since last reset)
  • The average score is 7 of 32

Answer Stats

Answer% Correct
Janis Joplin
100%
Jimi Hendrix
100%
Amy Winehouse
94%
Kurt Cobain
94%
Jim Morrison
81%
Brian Jones
69%
Robert Johnson
50%
Kristen Pfaff
25%
Ron McKernan
25%
Alan Wilson
13%
Alan Wilson
13%
Richey Edwards
13%
Dickie Pride
6%
Fat Pat
6%
Gary Thain
6%
Jean-Michel Basquiat
6%
Jeremy Ward
6%
Jonathan Brandis
6%
Rudy Lewis
6%
Anton Yelchin
0%
Corissa Yasen
0%
Dash Snow
0%
Georg Trakl
0%
Harry Hains
0%
Kim Jonghyun
0%
Louie Spicolli
0%
Megan Connolly
0%
Paige Summers
0%
Pamela Courson
0%
Sean McCabe
0%
Tyler Sash
0%
Tyler Skaggs
0%

Score Distribution

Percentile by Number Answered

Percent of People with Each Score

Your Score History

You have not taken this quiz since the last reset